Estadísticas para Historia por Letra - C

Haz click aquí para tomar la prueba!

Estadísticas generales

  • Esta prueba ha sido tomada 716 veces
  • La puntuación promedio es 15 de 22

Estadísticas de respuestas

PistaRespuesta% Correcto
Estaba buscando la India pero accidentalmente
encontró América en su lugar
Cristóbal Colón
98%
El anfiteatro más grande de RomaColiseo
92%
Faraona greca-egipciaCleopatra
92%
"ismo" que fue promovido por Karl Marx{Comun}ismo
86%
Lugar de un desastre nuclear de 1986Chernobil
84%
La droga que fue usada por Sigmund Freud (y Sherlock Holmes)Cocaína
81%
Primer Ministro británico, 1940-1945Winston Churchill
80%
Los intentos de los cristianos medievales de capturar la Tierra SantaCruzadas
80%
Capital del Imperio BizantinoConstantinopla
79%
Fue apuñalado en los Idus de MarzoJulio César
78%
La polaca-francesa descubridora de polonioMarie Curie
77%
Rey de los Francos de 768; fundador del Imperio CarolingioCarlomagno
75%
El período que siguió al JurásicoCretácico
74%
Antiguo rival de Roma situado en Túnez modernoCartago
62%
"Gran sabio" de la filosofía chinaConfucio
62%
El país que fue devastado por Pol PotCamboya
61%
Descubrió el heliocentrismoNicolás Copérnico
59%
Ciudad africana que se estableció como una estación de suministro neerlandesaCiudad del Cabo
54%
El loco emperador romano que siguió a TiberioCaligula
52%
Grupo cuyos sacerdotes se llamaban druidasCelta
48%
El explorador británico que murió en HawaiJames Cook
42%
Teólogo francés por el cual una rama de la cristiandad es nombradaJuan Calvino
32%

Distribución de puntuación

Porcentaje por número respondido

Porcentaje de gente con cada puntuación

Historial de tus puntuaciones

No has tomado esta prueba